000 00596nam a2200193 ar4500
001 2810
005 20221127090610.0
008 120328s xxu 0001f|eng d
020 _a0060931952(pbk)
082 0 4 _a813.54
_bM739 1999
100 1 _aMomaday, N. Scott.
245 1 0 _aHouse made of dawn /
_cN. Momaday.
260 _aNew York :
_bPerennial Classics,
_c1999.
300 _a198 p. ;
_c20 cm.
500 _aOriginally published : New York : Harper & Row, 1966.
650 4 _aHistorical fiction.
650 4 _aAmerican fiction
_y20th century.
650 4 _aIndians of North America
_vFiction.
999 _c2808
_d2808